000 00653nam a2200229Ia 4500
003 OSt
005 20220925193313.0
006 a|||||r|||| 00| 0
007 ta
008 220923b |||||||| |||| 00| 0 eng d
037 _cGeneral Book
040 _aRTL
_cRTL
_beng
041 _2eng
_aeng
082 _aX:89P:B:N74, L6
100 _aPolenske K R
_9248020
245 0 _aProceedings of the sixth international conference
260 _aCambridge
_bBallinger
_c1976
300 _a604p
_ccm.
700 _a Skolka J V
_9248021
942 _hX:89P:B:N74, L6
_cGB
_2CC
999 _c525325
_d525325